Southville International School and Colleges
Your cart is empty.
  • Cart
  • Lists
    Public lists Eva Luna New books Lux_list list_1
    Your lists Log in to create your own lists
  • Log in to your account
  • Your cookies
  • Search history
Southville International School and Colleges
  • Advanced search
  • Recent comments
  • Most popular
  • Libraries

Log in to your account

Log in with GOOGLE


If you do not have an external account, but do have a local account, you can still log in:

  1. Home
  2. MARC view: The case book of Sherlock Holmes /
Normal view MARC view ISBD view

The case book of Sherlock Holmes / (Record no. 7569)

[ view plain ]
MARC details
000 -LEADER
fixed length control field 00558nam a22002057a 4500
003 - CONTROL NUMBER IDENTIFIER
control field OSt
005 - DATE AND TIME OF LATEST TRANSACTION
control field 20140310181937.0
008 - FIXED-LENGTH DATA ELEMENTS--GENERAL INFORMATION
fixed length control field 130724t xxu||||| |||| 00| 0 eng d
020 ## - INTERNATIONAL STANDARD BOOK NUMBER
International Standard Book Number 9576063108
050 ## - LIBRARY OF CONGRESS CALL NUMBER
Classification number PR 4622
Item number .D754 1999
082 ## - DEWEY DECIMAL CLASSIFICATION NUMBER
Classification number CLA
Item number D77c 1999
100 ## - MAIN ENTRY--PERSONAL NAME
Personal name Doyle, Sir Arthur Conan
9 (RLIN) 3375
245 ## - TITLE STATEMENT
Title The case book of Sherlock Holmes /
Statement of responsibility, etc Sir Arthur Conan Doyle.
260 ## - PUBLICATION, DISTRIBUTION, ETC. (IMPRINT)
Name of publisher, distributor, etc Yohan Publications, Inc.,
Date of publication, distribution, etc c1999.
300 ## - PHYSICAL DESCRIPTION
Extent vii, 116 p.
Dimensions 18 cm.
562 ## - COPY AND VERSION IDENTIFICATION NOTE
Number of copies 1
650 ## - SUBJECT ADDED ENTRY--TOPICAL TERM
Topical term or geographic name as entry element Mysteries
9 (RLIN) 3429
942 ## - ADDED ENTRY ELEMENTS (KOHA)
Source of classification or shelving scheme Library of Congress Classification
Koha item type
Call number prefix
Holdings
Withdrawn status Lost status Source of classification or shelving scheme Damaged status Home library Current library Shelving location Date acquired Total Checkouts Full call number Barcode Date last seen Copy number Price effective from Koha item type
    Library of Congress Classification   Luxembourg Library Luxembourg Library Classic Section 07/24/2013   PR 4622 .D754 1999 11707 08/13/2013 1 07/24/2013 Books

The case book of Sherlock Holmes /

APA

Doyle S. A. C., . (1999). The case book of Sherlock Holmes. : Yohan Publications, Inc.

Chicago

Doyle Sir Arthur Conan, . 1999. The case book of Sherlock Holmes. : Yohan Publications, Inc.

Harvard

Doyle S. A. C., . (1999). The case book of Sherlock Holmes. : Yohan Publications, Inc.

MLA

Doyle Sir Arthur Conan, . The case book of Sherlock Holmes. : Yohan Publications, Inc. 1999.

  • Place hold
  • Print
  • Cite
  • Add to your cart (remove)
  • Save record
    BIBTEX Dublin Core MARCXML MARC (non-Unicode/MARC-8) MARC (Unicode/UTF-8) MARC (Unicode/UTF-8, Standard) MODS (XML) RIS
  • More searches
    Search for this title in:
    Other Libraries (WorldCat) Other Databases (Google Scholar) Online Stores (Bookfinder.com) Open Library (openlibrary.org)

Exporting to Dublin Core...

SOUTHVILLE LIBRARY

Southville International School and Colleges Library

1281 Tropical Ave. Cor. Luxembourg St., BF Homes International, Las Pinas City

Tel. No. 8256374 / 252358 Loc. 117/146

Powered by Koha